| 000 | 00855nam a2200313Ia 4500 | ||
|---|---|---|---|
| 008 | 160803s9999 xx 000 0 und d | ||
| 020 | _a9780439554015 | ||
| 100 | _aFunke, Cornelia | ||
| 245 | _aInkspell / | ||
| 245 | _cCornelia Funke ; translated from the German by Anthea Bell. | ||
| 260 | _aNew York : | ||
| 260 | _bScholastic Inc. | ||
| 260 | _c2005 | ||
| 300 | _a635 pages : | ||
| 300 | _billustrations, map ; | ||
| 300 | _c21 cm. | ||
| 500 | _aSequel to Inkheart. | ||
| 650 | _aBooks and reading -- | ||
| 650 | _aBooks and reading -- | ||
| 650 | _aCharacters and characteristics in literature -- | ||
| 650 | _aItaly -- | ||
| 650 | _aMagic -- | ||
| 650 | _xFiction. | ||
| 650 | _xJuvenile fiction. | ||
| 650 | _xJuvenile fiction. | ||
| 650 | _xJuvenile fiction. | ||
| 650 | _xJuvenile fiction. | ||
| 700 | _a890 | ||
| 999 |
_c298218 _d298218 |
||